89 bài tập hướng dẫn hạch toán kế toán doanh nghiệp

Na minha lista:
Detalhes bibliográficos
Autor principal: NGUYỄN VĂN NHIỆM
Formato: Livro
Idioma:Undetermined
Publicado em: Thống kê 2001
Tags: Adicionar Tag
Sem tags, seja o primeiro a adicionar uma tag!
Thư viện lưu trữ: Trung tâm Học liệu Trường Đại học Cần Thơ
LEADER 00467nam a2200145Ia 4500
001 CTU_48530
008 210402s9999 xx 000 0 und d
082 |a 657 
082 |b Nh304/2001 
100 |a NGUYỄN VĂN NHIỆM 
245 0 |a 89 bài tập hướng dẫn hạch toán kế toán doanh nghiệp 
245 0 |c NGUYỄN VĂN NHIỆM 
260 |b Thống kê 
260 |c 2001 
980 |a Trung tâm Học liệu Trường Đại học Cần Thơ